[Event "Baku Chess Olympiad | Open"]
[Site "chess24.com"]
[Date "2016.09.12"]
[Round "10"]
[White "Salim Issa Ali Shamas"]
[Black "Frick, Renato"]
[Result "1-0"]
[Board "2"]
[WhiteID "22000062"]
[WhiteElo "1932"]
[WhiteTitle "CM"]
[WhiteCountry "OMA"]
[WhiteFideId "22000062"]
[WhiteEloChange "12"]
[BlackID "12000027"]
[BlackElo "2000"]
[BlackCountry "LIE"]
[BlackFideId "12000027"]
[BlackEloChange "-12"]

1. Nf3 {[%clk 1:30:51]} Nf6 {[%clk 1:30:51]} 2. d4 {[%clk 1:30:59]} g6 {[%clk
1:31:03]} 3. c4 {[%clk 1:31:16]} Bg7 {[%clk 1:31:17]} 4. Nc3 {[%clk 1:31:34]} O-O
{[%clk 1:29:54]} 5. e4 {[%clk 1:31:49]} d6 {[%clk 1:30:17]} 6. Be2 {[%clk
1:32:01]} e5 {[%clk 1:30:26]} 7. dxe5 {[%clk 1:32:03]} dxe5 {[%clk 1:30:47]} 8.
Qxd8 {[%clk 1:32:19]} Rxd8 {[%clk 1:31:07]} 9. Bg5 {[%clk 1:32:43]} Re8 {[%clk
1:25:05]} 10. Nd5 {[%clk 1:32:47]} Nxd5 {[%clk 1:24:47]} 11. cxd5 {[%clk
1:33:10]} c6 {[%clk 1:24:06]} 12. Bc4 {[%clk 1:33:00]} Nd7 {[%clk 1:10:04]} 13.
dxc6 {[%clk 1:32:34]} bxc6 {[%clk 1:08:22]} 14. O-O {[%clk 1:26:06]} Nc5 {[%clk
0:57:48]} 15. Nd2 {[%clk 1:24:28]} Be6 {[%clk 0:55:35]} 16. Rac1 {[%clk 1:24:19]}
Rac8 {[%clk 0:39:24]} 17. f3 {[%clk 1:18:42]} Rc7 {[%clk 0:30:19]} 18. b3 {[%clk
1:16:50]} Rec8 {[%clk 0:21:02]} 19. Be3 {[%clk 1:16:53]} Bf8 {[%clk 0:19:37]} 20.
Rfd1 {[%clk 1:16:31]} Rd8 {[%clk 0:16:00]} 21. Bxe6 {[%clk 1:11:10]} Nxe6 {[%clk
0:15:06]} 22. Nc4 {[%clk 1:11:29]} Rxd1+ {[%clk 0:14:43]} 23. Rxd1 {[%clk
1:11:55]} f6 {[%clk 0:14:56]} 24. Kf1 {[%clk 1:11:36]} Be7 {[%clk 0:14:28]} 25.
g3 {[%clk 1:11:26]} g5 {[%clk 0:13:39]} 26. Kg2 {[%clk 1:10:50]} Kf7 {[%clk
0:12:22]} 27. Bf2 {[%clk 1:10:12]} Bb4 {[%clk 0:10:43]} 28. Kh3 {[%clk 1:09:37]}
h5 {[%clk 0:09:57]} 29. Kg2 {[%clk 1:10:00]} Kg6 {[%clk 0:05:19]} 30. Rd3 {[%clk
1:05:02]} g4 {[%clk 0:04:34]} 31. Be3 {[%clk 1:04:05]} Bc5 {[%clk 0:02:47]} 32.
Bxc5 {[%clk 1:03:38]} Nxc5 {[%clk 0:03:07]} 33. Rd6 {[%clk 1:04:02]} gxf3+ {[%clk
0:01:36]} 34. Kxf3 {[%clk 1:04:07]} Kf7 {[%clk 0:01:56]} 35. Na5 {[%clk 1:03:50]}
Ne6 {[%clk 0:02:18]} 36. Ke3 {[%clk 1:02:53]} Nd4 {[%clk 0:02:23]} 37. Rd8 {[%clk
1:02:17]} Kg6 {[%clk 0:01:34]} 38. Nc4 {[%clk 1:01:48]} Rh7 {[%clk 0:01:36]} 39.
h4 {[%clk 1:00:38]} Rb7 {[%clk 0:01:36]} 40. Rd6 {[%clk 1:30:11]} Kg7 {[%clk
0:31:31]} 41. Rd8 {[%clk 1:29:20]} Kh7 {[%clk 0:25:12]} 42. Nd6 {[%clk 1:28:28]}
Rg7 {[%clk 0:24:18]} 43. Kf2 {[%clk 1:28:41]} Ne6 {[%clk 0:22:51]} 44. Rc8 {[%clk
1:28:01]} Rc7 {[%clk 0:20:24]} 45. Re8 {[%clk 1:27:46]} Nd4 {[%clk 0:19:53]} 46.
Rf8 {[%clk 1:27:31]} Kg6 {[%clk 0:19:31]} 47. Rxf6+ {[%clk 1:27:20]} Kxf6 {[%clk
0:19:55]} 48. Ne8+ {[%clk 1:27:32]} Ke7 {[%clk 0:19:27]} 49. Nxc7 {[%clk
1:27:41]} Kd7 {[%clk 0:19:27]} 50. Na6 {[%clk 1:27:41]} Kd6 {[%clk 0:19:27]} 51.
b4 {[%clk 1:26:16]} Nb5 {[%clk 0:18:44]} 52. Kf3 {[%clk 1:26:07]} Nc3 {[%clk
0:11:06]} 53. a3 {[%clk 1:25:57]} Nb5 {[%clk 0:08:51]} 54. a4 {[%clk 1:21:55]}
Nc3 {[%clk 0:08:47]} 55. a5 {[%clk 1:22:03]} Nb5 {[%clk 0:08:44]} 56. Ke3 {[%clk
1:18:40]} Nd4 {[%clk 0:08:38]} 57. Kd3 {[%clk 1:18:44]} Ne6 {[%clk 0:07:07]} 58.
Ke2 {[%clk 1:18:23]} Nd4+ {[%clk 0:05:27]} 59. Kf2 {[%clk 1:18:21]} Ne6 {[%clk
0:05:24]} 60. g4 {[%clk 1:18:08]} hxg4 {[%clk 0:04:16]} 61. Kg3 {[%clk 1:18:07]}
Ke7 {[%clk 0:03:53]} 62. Kxg4 {[%clk 1:18:26]} Kf6 {[%clk 0:03:45]} 63. Nc5
{[%clk 1:18:29]} Nd4 {[%clk 0:03:35]} 64. h5 {[%clk 1:18:12]} Nc2 {[%clk
0:03:51]} 65. Nd3 {[%clk 1:18:12]} Ne3+ {[%clk 0:03:51]} 66. Kf3 {[%clk 1:17:05]}
Nc4 {[%clk 0:04:12]} 67. Kg4 {[%clk 1:16:08]} Ne3+ {[%clk 0:03:20]} 68. Kh4
{[%clk 1:16:29]} Nc4 {[%clk 0:03:25]} 69. Nf2 {[%clk 1:16:07]} Nd6 {[%clk
0:01:15]} 70. Ng4+ {[%clk 1:09:16]} Kg7 {[%clk 0:00:58]} 71. Nxe5 {[%clk
1:09:23]} Nxe4 {[%clk 0:00:49]} 72. Nxc6 {[%clk 1:09:12]} 1-0

[Event "Baku Chess Olympiad | Open"]
[Site "chess24.com"]
[Date "2016.09.12"]
[Round "10"]
[White "Iclicki, Willy"]
[Black "Amer Said Salim Al Maashani"]
[Result "1/2-1/2"]
[Board "3"]
[WhiteID "200450"]
[WhiteElo "1963"]
[WhiteCountry "LIE"]
[WhiteFideId "200450"]
[WhiteEloChange "2"]
[BlackID "22000100"]
[BlackElo "2044"]
[BlackTitle "FM"]
[BlackCountry "OMA"]
[BlackFideId "22000100"]
[BlackEloChange "-2"]

1. d4 {[%clk 1:30:58]} Nf6 {[%clk 1:30:52]} 2. c4 {[%clk 1:31:26]} e6 {[%clk
1:31:16]} 3. g3 {[%clk 1:31:23]} d5 {[%clk 1:28:09]} 4. Bg2 {[%clk 1:31:37]} Bb4+
{[%clk 1:25:02]} 5. Bd2 {[%clk 1:31:09]} Be7 {[%clk 1:25:19]} 6. Nf3 {[%clk
1:30:09]} O-O {[%clk 1:25:05]} 7. Qc2 {[%clk 1:25:25]} Nbd7 {[%clk 1:07:58]} 8.
O-O {[%clk 1:16:39]} Ne4 {[%clk 1:04:14]} 9. Nc3 {[%clk 1:09:18]} Nxd2 {[%clk
1:00:22]} 10. Nxd2 {[%clk 1:07:23]} Nf6 {[%clk 0:55:39]} 11. Rfd1 {[%clk
1:00:26]} c6 {[%clk 0:51:37]} 12. a3 {[%clk 0:57:30]} Re8 {[%clk 0:44:48]} 13.
Rac1 {[%clk 0:47:02]} Bf8 {[%clk 0:39:22]} 14. e3 {[%clk 0:43:13]} g6 {[%clk
0:34:30]} 15. Qb3 {[%clk 0:38:27]} Bh6 {[%clk 0:33:08]} 16. Nf3 {[%clk 0:35:16]}
Ng4 {[%clk 0:23:06]} 17. h3 {[%clk 0:25:31]} Nxe3 {[%clk 0:23:18]} 18. fxe3
{[%clk 0:25:58]} Bxe3+ {[%clk 0:23:44]} 19. Kh2 {[%clk 0:25:12]} Bxc1 {[%clk
0:24:11]} 20. Rxc1 {[%clk 0:25:28]} Qa5 {[%clk 0:20:52]} 21. Rf1 {[%clk 0:22:41]}
Kg7 {[%clk 0:19:34]} 22. Nd1 {[%clk 0:17:33]} f6 {[%clk 0:17:34]} 23. Ne3 {[%clk
0:10:05]} dxc4 {[%clk 0:12:59]} 24. Nxc4 {[%clk 0:09:15]} Qc7 {[%clk 0:13:03]}
25. Qe3 {[%clk 0:07:00]} b5 {[%clk 0:11:33]} 26. Ncd2 {[%clk 0:07:11]} b4 {[%clk
0:11:33]} 27. Ne4 {[%clk 0:06:33]} Ba6 {[%clk 0:11:12]} 28. Rf2 {[%clk 0:07:00]}
Bc4 {[%clk 0:11:07]} 29. Nxf6 {[%clk 0:06:31]} Rf8 {[%clk 0:09:11]} 30. Ng4
{[%clk 0:06:33]} Bd5 {[%clk 0:07:02]} 31. Nfe5 {[%clk 0:04:15]} Rxf2 {[%clk
0:06:33]} 32. Qxf2 {[%clk 0:04:41]} Rf8 {[%clk 0:06:37]} 33. Qe3 {[%clk 0:05:08]}
bxa3 {[%clk 0:05:15]} 34. bxa3 {[%clk 0:05:36]} Qb7 {[%clk 0:03:44]} 35. Bxd5
{[%clk 0:05:41]} exd5 {[%clk 0:02:30]} 36. Qd2 {[%clk 0:02:21]} Rf5 {[%clk
0:01:08]} 37. Ne3 {[%clk 0:02:14]} Rf8 {[%clk 0:01:15]} 38. N3g4 {[%clk 0:02:38]}
Rf5 {[%clk 0:01:15]} 39. Ne3 {[%clk 0:02:46]} Rf6 {[%clk 0:00:45]} 40. N3g4
{[%clk 0:33:05]} Rf8 {[%clk 0:30:36]} 41. h4 {[%clk 0:26:13]} Rf1 {[%clk
0:22:53]} 42. Ne3 {[%clk 0:07:02]} Rb1 {[%clk 0:10:23]} 43. Ng2 {[%clk 0:06:14]}
1/2-1/2

[Event "Baku Chess Olympiad | Open"]
[Site "chess24.com"]
[Date "2016.09.12"]
[Round "10"]
[White "Al Mashikhi, Salim Aliyan"]
[Black "Jelic, Dejan"]
[Result "1-0"]
[Board "4"]
[WhiteID "22000046"]
[WhiteElo "2060"]
[WhiteCountry "OMA"]
[WhiteFideId "22000046"]
[WhiteEloChange "7"]
[BlackID "14531216"]
[BlackElo "1956"]
[BlackCountry "LIE"]
[BlackFideId "14531216"]
[BlackEloChange "-7"]

1. c4 {[%clk 1:30:56]} Nf6 {[%clk 1:30:56]} 2. Nc3 {[%clk 1:31:22]} g6 {[%clk
1:31:21]} 3. g3 {[%clk 1:31:25]} Bg7 {[%clk 1:31:25]} 4. Bg2 {[%clk 1:31:48]} O-O
{[%clk 1:31:33]} 5. Nf3 {[%clk 1:31:48]} d6 {[%clk 1:31:31]} 6. d4 {[%clk
1:30:59]} c5 {[%clk 1:31:05]} 7. d5 {[%clk 1:28:10]} e6 {[%clk 1:24:52]} 8. dxe6
{[%clk 1:28:16]} fxe6 {[%clk 1:24:31]} 9. e4 {[%clk 1:26:59]} Nc6 {[%clk
1:05:06]} 10. O-O {[%clk 1:27:09]} a6 {[%clk 0:59:05]} 11. Bf4 {[%clk 1:22:04]}
e5 {[%clk 0:56:06]} 12. Bg5 {[%clk 1:21:21]} Bg4 {[%clk 0:50:38]} 13. h3 {[%clk
1:20:01]} Be6 {[%clk 0:50:47]} 14. Nd5 {[%clk 1:16:04]} b5 {[%clk 0:45:34]} 15.
b3 {[%clk 1:13:40]} bxc4 {[%clk 0:37:46]} 16. bxc4 {[%clk 1:14:00]} Nd4 {[%clk
0:37:05]} 17. Nd2 {[%clk 1:11:20]} Rb8 {[%clk 0:32:03]} 18. Qa4 {[%clk 1:10:27]}
h6 {[%clk 0:26:48]} 19. Nxf6+ {[%clk 1:10:15]} Bxf6 {[%clk 0:26:51]} 20. Bxh6
{[%clk 1:10:10]} Rf7 {[%clk 0:26:37]} 21. Be3 {[%clk 1:09:59]} Qc8 {[%clk
0:26:18]} 22. Bxd4 {[%clk 1:07:21]} exd4 {[%clk 0:23:32]} 23. Rab1 {[%clk
1:01:53]} Rxb1 {[%clk 0:21:47]} 24. Rxb1 {[%clk 1:02:14]} Bd7 {[%clk 0:21:51]}
25. Qc2 {[%clk 1:00:50]} Bxh3 {[%clk 0:22:08]} 26. Bxh3 {[%clk 1:00:57]} Qxh3
{[%clk 0:22:33]} 27. e5 {[%clk 1:01:08]} dxe5 {[%clk 0:17:55]} 28. Qxg6+ {[%clk
1:01:17]} Bg7 {[%clk 0:18:17]} 29. Ne4 {[%clk 0:59:12]} Qh6 {[%clk 0:09:30]} 30.
Rb8+ {[%clk 0:59:30]} Rf8 {[%clk 0:09:54]} 31. Nf6+ {[%clk 0:59:34]} Kh8 {[%clk
0:10:12]} 32. Rxf8+ {[%clk 0:59:58]} Bxf8 {[%clk 0:10:36]} 1-0

[Event "Baku Chess Olympiad | Open"]
[Site "chess24.com"]
[Date "2016.09.12"]
[Round "10"]
[White "Anquandah, Francis Eric"]
[Black "Mdoe, Yusuf"]
[Result "1-0"]
[Board "1"]
[WhiteID "12600148"]
[WhiteElo "1951"]
[WhiteTitle "IM"]
[WhiteCountry "GHA"]
[WhiteFideId "12600148"]
[WhiteEloChange "5"]
[BlackID "10002235"]
[BlackElo "1758"]
[BlackTitle "CM"]
[BlackCountry "TAN"]
[BlackFideId "10002235"]
[BlackEloChange "-5"]

1. e4 {[%clk 1:30:57]} e5 {[%clk 1:30:29]} 2. Nf3 {[%clk 1:31:20]} Nc6 {[%clk
1:30:50]} 3. Bc4 {[%clk 1:31:45]} Nf6 {[%clk 1:30:09]} 4. Ng5 {[%clk 1:31:56]} d5
{[%clk 1:29:22]} 5. exd5 {[%clk 1:32:20]} Nxd5 {[%clk 1:28:49]} 6. Qf3 {[%clk
1:29:15]} Be6 {[%clk 1:29:03]} 7. Nxe6 {[%clk 1:29:10]} fxe6 {[%clk 1:29:25]} 8.
Nc3 {[%clk 1:28:43]} Nd4 {[%clk 1:19:31]} 9. Qh5+ {[%clk 1:25:33]} g6 {[%clk
1:19:22]} 10. Qxe5 {[%clk 1:25:32]} Qf6 {[%clk 1:16:59]} 11. Qxf6 {[%clk
1:24:31]} Nxf6 {[%clk 1:17:22]} 12. Nb5 {[%clk 1:23:49]} Nxb5 {[%clk 1:16:31]}
13. Bxb5+ {[%clk 1:24:09]} c6 {[%clk 1:16:48]} 14. Bc4 {[%clk 1:24:33]} Kf7
{[%clk 1:16:33]} 15. O-O {[%clk 1:24:42]} Bc5 {[%clk 1:16:26]} 16. c3 {[%clk
1:24:15]} a5 {[%clk 1:15:38]} 17. d4 {[%clk 1:24:32]} Bd6 {[%clk 1:15:21]} 18. a4
{[%clk 1:22:58]} h6 {[%clk 1:14:17]} 19. Bd2 {[%clk 1:22:47]} g5 {[%clk 1:12:57]}
20. f4 {[%clk 1:21:45]} Ke7 {[%clk 1:07:21]} 21. Rae1 {[%clk 1:17:54]} Nd5 {[%clk
1:06:15]} 22. f5 {[%clk 1:17:30]} Raf8 {[%clk 1:04:32]} 23. Rxe6+ {[%clk
1:15:36]} Kd7 {[%clk 1:04:29]} 24. Ba2 {[%clk 1:13:56]} Ne7 {[%clk 1:00:36]} 25.
Re4 {[%clk 1:11:26]} Rf6 {[%clk 0:55:38]} 26. Be6+ {[%clk 1:10:41]} Kc7 {[%clk
0:55:50]} 27. c4 {[%clk 1:10:46]} c5 {[%clk 0:55:03]} 28. Bxa5+ {[%clk 1:10:38]}
b6 {[%clk 0:55:14]} 29. Bc3 {[%clk 1:10:52]} cxd4 {[%clk 0:53:04]} 30. Bxd4
{[%clk 1:10:00]} Bc5 {[%clk 0:53:28]} 31. b4 {[%clk 1:09:55]} Bxd4+ {[%clk
0:52:40]} 32. Rxd4 {[%clk 1:10:10]} Nc6 {[%clk 0:50:01]} 33. Rd7+ {[%clk
1:10:20]} Kb8 {[%clk 0:48:43]} 34. c5 {[%clk 1:09:27]} Nd8 {[%clk 0:46:00]} 35.
cxb6 {[%clk 1:06:56]} Nxe6 {[%clk 0:46:03]} 36. Rd6 {[%clk 1:05:24]} Re8 {[%clk
0:41:18]} 37. g4 {[%clk 1:05:03]} Ref8 {[%clk 0:39:06]} 38. Rxe6 {[%clk 1:05:02]}
Kb7 {[%clk 0:37:38]} 39. a5 {[%clk 1:04:51]} h5 {[%clk 0:34:11]} 40. Rxf6 {[%clk
1:29:20]} Rxf6 {[%clk 0:34:11]} 41. h3 {[%clk 1:29:20]} hxg4 {[%clk 1:02:40]} 42.
hxg4 {[%clk 1:29:43]} Ka6 {[%clk 1:02:49]} 43. Re1 {[%clk 1:29:42]} Rd6 {[%clk
1:02:00]} 44. Re4 {[%clk 1:29:43]} Rd3 {[%clk 1:01:43]} 45. Kf2 {[%clk 1:29:54]}
Rd6 {[%clk 1:01:42]} 46. Ke3 {[%clk 1:29:51]} Rc6 {[%clk 1:01:27]} 47. Kd3 {[%clk
1:30:01]} Rh6 {[%clk 0:57:09]} 48. Kc4 {[%clk 1:30:05]} Rc6+ {[%clk 0:57:21]} 49.
Kd5 {[%clk 1:30:02]} Rc8 {[%clk 0:57:42]} 50. f6 {[%clk 1:29:34]} Kb7 {[%clk
0:51:47]} 51. f7 {[%clk 1:26:03]} Rd8+ {[%clk 0:51:08]} 52. Ke6 {[%clk 1:24:38]}
Kc6 {[%clk 0:50:25]} 1-0

[Event "Baku Chess Olympiad | Open"]
[Site "chess24.com"]
[Date "2016.09.12"]
[Round "10"]
[White "Mwanyika, Geoffrey"]
[Black "Hasford, John Kojo"]
[Result "0-1"]
[Board "2"]
[WhiteID "10002294"]
[WhiteElo "1850"]
[WhiteCountry "TAN"]
[WhiteFideId "10002294"]
[WhiteEloChange "-7"]
[BlackID "12600083"]
[BlackElo "1970"]
[BlackCountry "GHA"]
[BlackFideId "12600083"]
[BlackEloChange "7"]

1. f4 {[%clk 1:30:56]} Nf6 {[%clk 1:30:46]} 2. Nf3 {[%clk 1:31:20]} g6 {[%clk
1:31:06]} 3. b3 {[%clk 1:31:43]} Bg7 {[%clk 1:31:05]} 4. Bb2 {[%clk 1:32:07]} O-O
{[%clk 1:31:11]} 5. e3 {[%clk 1:32:27]} d6 {[%clk 1:31:19]} 6. h3 {[%clk
1:32:34]} Nc6 {[%clk 1:31:02]} 7. d3 {[%clk 1:32:02]} Re8 {[%clk 1:30:57]} 8. Be2
{[%clk 1:31:57]} e5 {[%clk 1:31:07]} 9. O-O {[%clk 1:31:48]} exf4 {[%clk
1:30:59]} 10. exf4 {[%clk 1:26:24]} Qe7 {[%clk 1:31:18]} 11. Rf2 {[%clk 1:23:42]}
a6 {[%clk 1:30:39]} 12. Bf1 {[%clk 1:18:48]} Bd7 {[%clk 1:29:19]} 13. Nbd2 {[%clk
1:17:59]} Qe3 {[%clk 1:29:07]} 14. g3 {[%clk 1:13:14]} b5 {[%clk 1:26:45]} 15.
Qe1 {[%clk 1:04:28]} Qb6 {[%clk 1:25:57]} 16. Qd1 {[%clk 1:03:06]} Ng4 {[%clk
1:24:43]} 17. hxg4 {[%clk 1:01:35]} Bxb2 {[%clk 1:25:00]} 18. Rb1 {[%clk
1:01:46]} Bg7 {[%clk 1:25:12]} 19. g5 {[%clk 1:00:02]} Bg4 {[%clk 1:25:16]} 20.
Bg2 {[%clk 0:56:10]} Nd4 {[%clk 1:25:23]} 21. Kf1 {[%clk 0:54:54]} Nf5 {[%clk
1:25:30]} 22. Ne4 {[%clk 0:47:31]} Ne3+ {[%clk 1:25:27]} 23. Kg1 {[%clk 0:41:36]}
Nxd1 {[%clk 1:25:38]} 24. Rxd1 {[%clk 0:42:02]} d5 {[%clk 1:25:44]} 25. Nf6+
{[%clk 0:41:43]} Bxf6 {[%clk 1:26:02]} 26. gxf6 {[%clk 0:42:10]} Re2 {[%clk
1:26:16]} 27. d4 {[%clk 0:40:46]} Rxf2 {[%clk 1:24:03]} 28. Kxf2 {[%clk 0:41:15]}
c5 {[%clk 1:24:16]} 29. c3 {[%clk 0:37:43]} b4 {[%clk 1:24:12]} 30. Rh1 {[%clk
0:36:01]} Bxf3 {[%clk 1:24:18]} 31. Bxf3 {[%clk 0:35:01]} cxd4 {[%clk 1:24:38]}
32. cxb4 {[%clk 0:34:52]} d3+ {[%clk 1:24:57]} 33. Kg2 {[%clk 0:34:45]} Rc8
{[%clk 1:25:07]} 34. Re1 {[%clk 0:32:14]} d2 {[%clk 1:25:05]} 35. Re7 {[%clk
0:31:44]} Qxf6 {[%clk 1:25:19]} 36. Rd7 {[%clk 0:30:54]} Qe6 {[%clk 1:25:15]} 37.
Ra7 {[%clk 0:29:12]} Rc3 {[%clk 1:25:01]} 38. Ra8+ {[%clk 0:25:43]} Kg7 {[%clk
1:25:28]} 39. Rd8 {[%clk 0:25:09]} Rxf3 {[%clk 1:25:41]} 40. Kxf3 {[%clk
0:55:30]} d1Q+ {[%clk 1:55:57]} 41. Kg2 {[%clk 0:55:27]} Qee2+ {[%clk 1:56:05]}
42. Kh3 {[%clk 0:55:35]} Qh1# {[%clk 1:56:25]} 0-1

[Event "Baku Chess Olympiad | Open"]
[Site "chess24.com"]
[Date "2016.09.12"]
[Round "10"]
[White "Ameku, Philip Elikem"]
[Black "Mlawa, Hemed"]
[Result "*"]
[Board "3"]
[WhiteID "12600326"]
[WhiteElo "1914"]
[WhiteCountry "GHA"]
[WhiteFideId "12600326"]
[BlackID "10002251"]
[BlackElo "1782"]
[BlackCountry "TAN"]
[BlackFideId "10002251"]

1. Nf3 {[%clk 1:30:56]} Nf6 {[%clk 1:30:43]} 2. g3 {[%clk 1:31:09]} e6 {[%clk
1:30:46]} 3. Bg2 {[%clk 1:31:34]} d5 {[%clk 1:30:41]} 4. O-O {[%clk 1:31:59]} Bd6
{[%clk 1:30:42]} 5. d3 {[%clk 1:32:22]} O-O {[%clk 1:30:46]} 6. Nbd2 {[%clk
1:32:46]} Nbd7 {[%clk 1:30:59]} 7. e4 {[%clk 1:32:50]} c6 {[%clk 1:31:07]} 8. Re1
{[%clk 1:33:15]} dxe4 {[%clk 1:30:26]} 9. dxe4 {[%clk 1:33:41]} e5 {[%clk
1:26:46]} 10. b3 {[%clk 1:34:01]} Re8 {[%clk 1:26:41]} 11. Bb2 {[%clk 1:34:23]}
h6 {[%clk 1:24:43]} 12. Qe2 {[%clk 1:31:25]} Qc7 {[%clk 1:23:16]} 13. Rad1 {[%clk
1:31:39]} Nb6 {[%clk 1:21:21]} 14. h3 {[%clk 1:30:34]} Be6 {[%clk 1:21:14]} 15.
c4 {[%clk 1:30:14]} Rad8 {[%clk 1:20:58]} 16. c5 {[%clk 1:27:41]} Bxc5 {[%clk
1:21:03]} 17. Bxe5 {[%clk 1:27:45]} Qe7 {[%clk 1:21:05]} 18. Ba1 {[%clk 1:26:28]}
Bb4 {[%clk 1:21:16]} 19. Qe3 {[%clk 1:24:42]} Bc8 {[%clk 1:13:06]} 20. Qf4 {[%clk
1:23:22]} Nh5 {[%clk 1:10:42]} 21. Qe3 {[%clk 1:21:37]} Nf6 {[%clk 1:09:16]} 22.
Qf4 {[%clk 1:22:02]} Nh5 {[%clk 1:09:37]} 23. Qe3 {[%clk 1:22:27]} Nf6 {[%clk
1:09:55]} 24. g4 {[%clk 1:22:17]} Nxe4 {[%clk 1:04:15]} 25. Nxe4 {[%clk 1:01:54]}
Rxd1 {[%clk 1:00:09]} 26. Rxd1 {[%clk 1:01:54]} Qxe4 {[%clk 0:59:47]} 27. Qc1
{[%clk 0:56:06]} Qe2 {[%clk 0:50:50]} 28. a3 {[%clk 0:54:06]} Bxa3 {[%clk
0:50:13]} 29. Qb1 {[%clk 0:53:05]} Bb4 {[%clk 0:46:05]} 30. Nd4 {[%clk 0:42:35]}
Qxd1+ {[%clk 0:46:30]} 31. Qxd1 {[%clk 0:40:47]} Re1+ {[%clk 0:46:55]} 32. Qxe1
{[%clk 0:41:01]} Bxe1 {[%clk 0:47:20]} 33. Kf1 {[%clk 0:41:22]} Bb4 {[%clk
0:47:09]} 34. Ke2 {[%clk 0:40:48]} g6 {[%clk 0:41:05]} 35. Be4 {[%clk 0:39:52]}
Bf8 {[%clk 0:41:07]} 36. Kd3 {[%clk 0:37:20]} Bg7 {[%clk 0:41:29]} 37. Bc3 {[%clk
0:36:54]} Nd5 {[%clk 0:39:08]} 38. Bxd5 {[%clk 0:33:12]} cxd5 {[%clk 0:39:28]}
39. Nb5 {[%clk 0:33:37]} a6 {[%clk 0:38:47]} 40. Nd6 {[%clk 1:03:29]} Be6 {[%clk
1:06:37]} 41. Bxg7 {[%clk 1:00:10]} Kxg7 {[%clk 0:59:09]} 42. Nxb7 {[%clk
1:00:33]} f5 {[%clk 0:59:16]} 43. Nc5 {[%clk 1:00:08]} Kf6 {[%clk 0:58:45]} 44.
f3 {[%clk 0:55:06]} fxg4 {[%clk 0:51:59]} 45. fxg4 {[%clk 0:55:26]} Bc8 {[%clk
0:51:08]} *

[Event "Baku Chess Olympiad | Open"]
[Site "chess24.com"]
[Date "2016.09.12"]
[Round "10"]
[White "Mwaisumbe, Emmanuel"]
[Black "Thompson, Edward Nii Lamptey"]
[Result "0-1"]
[Board "4"]
[WhiteID "10001875"]
[WhiteElo "1662"]
[WhiteCountry "TAN"]
[WhiteFideId "10001875"]
[WhiteEloChange "-4"]
[BlackID "12600113"]
[BlackElo "1889"]
[BlackTitle "CM"]
[BlackCountry "GHA"]
[BlackFideId "12600113"]
[BlackEloChange "4"]

1. e4 {[%clk 1:30:58]} d6 {[%clk 1:30:54]} 2. d4 {[%clk 1:30:19]} Nf6 {[%clk
1:31:17]} 3. Nc3 {[%clk 1:29:04]} g6 {[%clk 1:31:46]} 4. Bg5 {[%clk 1:25:12]} Bg7
{[%clk 1:32:12]} 5. Bc4 {[%clk 1:25:06]} O-O {[%clk 1:32:39]} 6. Qd2 {[%clk
1:23:58]} c6 {[%clk 1:32:52]} 7. Bb3 {[%clk 1:21:38]} b5 {[%clk 1:32:26]} 8. f3
{[%clk 1:19:13]} Qc7 {[%clk 1:32:32]} 9. O-O-O {[%clk 1:18:57]} a5 {[%clk
1:32:17]} 10. a3 {[%clk 1:18:25]} Nbd7 {[%clk 1:30:56]} 11. Bh6 {[%clk 1:18:45]}
b4 {[%clk 1:27:44]} 12. Nb1 {[%clk 1:13:12]} c5 {[%clk 1:26:26]} 13. Bxg7 {[%clk
1:12:15]} Kxg7 {[%clk 1:26:55]} 14. dxc5 {[%clk 1:07:26]} Nxc5 {[%clk 1:26:57]}
15. Bd5 {[%clk 1:07:48]} e6 {[%clk 1:23:30]} 16. Bc4 {[%clk 0:49:06]} d5 {[%clk
1:19:32]} 17. exd5 {[%clk 0:46:53]} exd5 {[%clk 1:19:12]} 18. axb4 {[%clk
0:45:20]} axb4 {[%clk 1:19:34]} 19. Qxb4 {[%clk 0:40:51]} dxc4 {[%clk 1:19:36]}
20. Qxc4 {[%clk 0:41:06]} Be6 {[%clk 1:17:29]} 21. Qc3 {[%clk 0:41:35]} Rac8
{[%clk 1:17:32]} 22. Ne2 {[%clk 0:39:08]} Nb3+ {[%clk 1:14:38]} 23. cxb3 {[%clk
0:38:46]} Qb6 {[%clk 1:09:56]} 24. Nd4 {[%clk 0:35:20]} Rxc3+ {[%clk 1:08:43]}
25. Nxc3 {[%clk 0:34:58]} Bxb3 {[%clk 1:09:08]} 26. Rd2 {[%clk 0:34:27]} Rc8
{[%clk 1:08:47]} 27. Nxb3 {[%clk 0:33:16]} Qxb3 {[%clk 1:09:13]} 28. Rc2 {[%clk
0:32:59]} Nd5 {[%clk 1:08:27]} 29. Re1 {[%clk 0:32:32]} Nb4 {[%clk 1:06:51]} 30.
Rd2 {[%clk 0:32:17]} Na2+ {[%clk 1:06:55]} 31. Kb1 {[%clk 0:30:22]} Nxc3+ {[%clk
1:06:55]} 0-1

[Event "Baku Chess Olympiad | Open"]
[Site "chess24.com"]
[Date "2016.09.12"]
[Round "10"]
[White "Mavuso, Lunga"]
[Black "Fancy, Stuart"]
[Result "0-1"]
[Board "1"]
[WhiteID "20700040"]
[WhiteElo "1516"]
[WhiteCountry "SWZ"]
[WhiteFideId "20700040"]
[WhiteEloChange "-2"]
[BlackID "9100024"]
[BlackElo "1995"]
[BlackTitle "FM"]
[BlackCountry "PNG"]
[BlackFideId "9100024"]
[BlackEloChange "2"]

1. d4 {[%clk 1:30:57]} Nf6 {[%clk 1:30:49]} 2. Bf4 {[%clk 1:31:21]} g6 {[%clk
1:31:01]} 3. e3 {[%clk 1:31:42]} Bg7 {[%clk 1:31:25]} 4. Bd3 {[%clk 1:32:02]} d6
{[%clk 1:31:45]} 5. h3 {[%clk 1:32:14]} Nc6 {[%clk 1:31:44]} 6. c3 {[%clk
1:32:38]} e5 {[%clk 1:29:26]} 7. Bh2 {[%clk 1:31:50]} O-O {[%clk 1:29:41]} 8. Nd2
{[%clk 1:28:52]} Re8 {[%clk 1:29:18]} 9. Qa4 {[%clk 1:25:37]} Bd7 {[%clk
1:26:17]} 10. Qb3 {[%clk 1:25:28]} exd4 {[%clk 1:25:52]} 11. cxd4 {[%clk
1:25:35]} Nxd4 {[%clk 1:25:29]} 12. Qxb7 {[%clk 1:17:15]} Bc6 {[%clk 1:22:59]}
13. Qb4 {[%clk 1:16:09]} Nd5 {[%clk 1:22:45]} 14. Qa3 {[%clk 1:13:59]} Nxe3
{[%clk 1:07:32]} 15. fxe3 {[%clk 1:07:10]} Rxe3+ {[%clk 0:56:46]} 16. Kd1 {[%clk
1:07:11]} Bxg2 {[%clk 0:55:39]} 17. Bf4 {[%clk 1:06:03]} Rxd3 {[%clk 0:54:13]}
18. Qxd3 {[%clk 1:05:38]} Bxh1 {[%clk 0:54:36]} 19. Ngf3 {[%clk 1:00:06]} Nxf3
{[%clk 0:53:05]} 20. Nxf3 {[%clk 1:00:21]} Qf6 {[%clk 0:52:59]} 21. Qe4 {[%clk
0:54:05]} Rb8 {[%clk 0:53:02]} 22. Rc1 {[%clk 0:53:22]} g5 {[%clk 0:52:34]} 23.
Ke2 {[%clk 0:50:25]} Rxb2+ {[%clk 0:50:03]} 24. Kd3 {[%clk 0:43:22]} Bxf3 {[%clk
0:50:11]} 25. Qe8+ {[%clk 0:40:24]} Bf8 {[%clk 0:50:35]} 26. Bd2 {[%clk 0:36:54]}
c5 {[%clk 0:49:17]} 27. Qe3 {[%clk 0:17:13]} Qf5+ {[%clk 0:48:23]} 28. Kc4 {[%clk
0:15:21]} Qd5+ {[%clk 0:48:38]} 0-1